| 000 | 00372nam a2200145Ia 4500 | ||
|---|---|---|---|
| 008 | 230312s9999||||xx |||||||||||||| ||und|| | ||
| 020 | _a9781118871027 | ||
| 082 |
_a620.004 _bCHA-A |
||
| 100 | _aDerakhshani,Dariush | ||
| 245 | 0 | _aIntroducing Autodesk Maya 2015 | |
| 260 |
_bWiley _aCanada _c2014 |
||
| 300 | _a366 | ||
| 650 |
_aComputer _vComputer programs. |
||
| 942 | _cBK | ||
| 999 |
_c17113 _d17113 |
||